[Event "11th Fair Play Trophy"]
[Site "Techirghiol ROM"]
[Date "2003.07.08"]
[Round "8"]
[White "Burnoiu,C"]
[Black "Ciornei,D"]
[Result "1-0"]
[WhiteElo "2180"]
[BlackElo "2216"]

1.e4 c5 2.Nf3 e6 3.d4 cxd4 4.Nxd4 a6 5.Bd3 Nf6 6.O-O Qc7 7.Kh1 d6 8.c4 Be7
9.Nc3 b6 10.Be3 Nbd7 11.f3 O-O 12.Rc1 Bb7 13.Qd2 Rac8 14.Rfd1 Qb8 15.Bf1 Bd8
16.b3 Bc7 17.g3 Rfe8 18.Bg2 d5 19.cxd5 exd5 20.exd5 Nxd5 21.Nxd5 Bxd5 22.Nf5 Be6
23.Nd4 Bd5 24.Bg5 Bd8 25.Rxc8 Qxc8 26.Nf5 Bxg5 27.Qxg5 Qc3 28.Ne7+ Kf8 29.Rc1 f6
30.Qf4 Qd3 31.Nxd5 Qxd5 32.Qb4+ Kg8 33.f4 Qe6 34.Qd4 Qe3 35.Bd5+ Kf8 36.Qxe3 Rxe3
37.Rc7 Ke7 38.Bc6 Rd3 39.Rb7 Rd6 40.Bxd7 Rxd7 41.Rxb6 Rd1+ 42.Kg2 Rd2+ 43.Kf3 Rxa2
44.Rb7+ Kf8 45.h4 a5 46.Ke4 Rg2 47.Kf3 Rb2 48.Rb5 Ra2 49.Ke4 a4 50.b4 a3
51.Kd4 Rg2 52.Ra5 Rxg3 53.b5 Kf7 54.b6 Rb3 55.Kc5 Kg6 56.Kc6 Kh6 57.b7 a2
58.Rxa2 g5 59.hxg5+ fxg5 60.Ra6 gxf4 61.Rb6  1-0

[Event "32nd TCh-GRE"]
[Site "Kallithea Chalkidiki GRE"]
[Date "2003.07.09"]
[Round "7"]
[White "Kotronias,V"]
[Black "Schmaltz,R"]
[Result "1-0"]
[WhiteElo "2602"]
[BlackElo "2530"]

1.e4 c5 2.Nf3 e6 3.d4 cxd4 4.Nxd4 a6 5.Bd3 Qb6 6.c3 Nc6 7.O-O d6 8.Be3 Qc7
9.c4 Nf6 10.Nc3 Be7 11.Rc1 Nxd4 12.Bxd4 O-O 13.f4 Nd7 14.Rf3 g6 15.Rh3 Bf6
16.Bxf6 Nxf6 17.Qe1 Qc5+ 18.Kh1 Ng4 19.Rc2 Bd7 20.Qh4 h5 21.Rg3 Kg7 22.h3 f5
23.Re2 Rae8 24.Qg5 Bc6 25.e5 dxe5 26.fxe5 Rd8 27.Ree3 Bxg2+ 28.Kxg2 Rxd3
29.hxg4 Qc6+ 30.Kg1 Rxe3 31.Rxe3 fxg4 32.Ne4 Rf5 33.Qe7+ Rf7 34.Qc5 Qa4 35.Re1 Qc2
36.Qe3 Rf5 37.Qc3 Qxc3 38.Nxc3 g5 39.Re4 Kg6 40.Ne2 h4 41.Nd4 Rf4 42.Rxf4 gxf4
43.Nxe6 Kf5 44.Nxf4 Kxe5 45.Nd5 Kd4 46.b3 b5 47.cxb5 Kxd5 48.bxa6 Kc6 49.b4 Kb6
50.b5 Ka7 51.a3 g3 52.Kg2 Kb6 53.a4 Ka7 54.a5 Kb8 55.b6 Ka8 56.a7 Kb7 57.a6+ Ka8
58.Kh3  1-0

[Event "32nd TCh-GRE"]
[Site "Kallithea Chalkidiki GRE"]
[Date "2003.07.10"]
[Round "8"]
[White "Macieja,B"]
[Black "Hellsten,J"]
[Result "1-0"]
[WhiteElo "2627"]
[BlackElo "2511"]

1.e4 c5 2.Nf3 e6 3.d4 cxd4 4.Nxd4 a6 5.Bd3 Nf6 6.O-O Qc7 7.Qe2 d6 8.Nc3 g6
9.Kh1 Bg7 10.f4 O-O 11.Nf3 Nc6 12.Qf2 b5 13.Qh4 b4 14.Ne2 Bb7 15.f5 exf5
16.exf5 Ne5 17.Ned4 Rae8 18.Bg5 Nxf3 19.Nxf3 Ne4 20.Rae1 gxf5 21.Bh6 Qd8
22.Qxd8 Rxd8 23.Bxg7 Kxg7 24.Nd4 Nc5 25.Nxf5+ Kh8 26.Kg1 Bd5 27.b3 a5 28.Rf4 Nxd3
29.cxd3 Rfe8 30.Rxe8+ Rxe8 31.Rd4 Re5 32.Nxd6 Be6 33.Kf2 Rc5 34.Nc4 Rf5+
35.Ke2 Rh5 36.h4 Kg7 37.g3 Rc5 38.Ke3 h5 39.Rd6 Bg4 40.d4 Rf5 41.Nd2 Kf8
42.Rc6 Ke7 43.Rc5 Ke6 44.Rxf5 Bxf5 45.Nc4 a4 46.bxa4 Bb1 47.a5 b3 48.Nb6 b2
49.Nc4  1-0

[Event "26th Open"]
[Site "Barbera del Valles ESP"]
[Date "2003.07.11"]
[Round "7"]
[White "Pablo Marin,A"]
[Black "Borges Mateos,J"]
[Result "1/2-1/2"]
[WhiteElo "2419"]
[BlackElo "2441"]

1.e4 c5 2.Nf3 e6 3.d4 cxd4 4.Nxd4 a6 5.Bd3 Ne7 6.Nc3 Nec6 7.Nb3 d6 8.f4 Nd7
9.Qf3 Be7 10.Be3 O-O 11.O-O-O Qc7 12.Kb1 b5 13.Qh3 Nb4 14.Rhf1 Nxd3 15.cxd3 Nc5
16.Qg3 f5 17.exf5 Rxf5 18.Bd4 Bf6  1/2-1/2

[Event "Open"]
[Site "Montpellier FRA"]
[Date "2003.07.11"]
[Round "5"]
[White "Boudre,JP"]
[Black "Miezis,N"]
[Result "0-1"]
[WhiteElo "2392"]
[BlackElo "2508"]

1.e4 c5 2.Nf3 e6 3.d4 cxd4 4.Nxd4 a6 5.Bd3 Nc6 6.Nxc6 dxc6 7.Nd2 e5 8.Nc4 Nf6
9.Bd2 Bc5 10.O-O Qe7 11.a4 O-O 12.a5 Bg4 13.Qe1 Rad8 14.Kh1 Rfe8 15.f3 Bc8
16.Qh4 h6 17.Rfd1 Bd4 18.Qe1 Nh5 19.c3 Bc5 20.Be3 Be6 21.Bf1 Bxc4 22.Bxc4 Bxe3
23.Qxe3 Rxd1+ 24.Rxd1 Rd8 25.Rd2 g5 26.g3 Kg7 27.Kg2 Nf6 28.b4 Rxd2+ 29.Qxd2 g4
30.h3 gxf3+ 31.Kxf3 Ne8 32.Kg2 Nd6 33.Bd3 Qe6 34.Qc2 f5 35.exf5 Qd5+ 36.Kh2 e4
37.f6+ Kxf6 38.Qf2+ Nf5 39.Be2 e3 40.Qf3 Qxf3 41.Bxf3 Nd6 42.Kg2 Nb5 43.c4 Nd4
44.Be4 Ke5 45.Bd3 Nb3 46.Kf3 Kd4 47.Be2 c5 48.bxc5 Nxa5  0-1

[Event "Open"]
[Site "Montpellier FRA"]
[Date "2003.07.12"]
[Round "6"]
[White "Santo Roman,M"]
[Black "Bricard,E"]
[Result "1-0"]
[WhiteElo "2381"]
[BlackElo "2456"]

1.e4 c5 2.Nf3 e6 3.d4 cxd4 4.Nxd4 a6 5.Bd3 Bc5 6.Nb3 Ba7 7.O-O Nc6 8.Qe2 d6
9.Be3 Nf6 10.c4 O-O 11.Nc3 Ne5 12.Rfd1 Bxe3 13.Qxe3 Qc7 14.Rac1 b6 15.Na4 Rb8
16.f3 Rd8 17.Nd4 Qa7 18.Bf1 b5 19.cxb5 axb5 20.Nc3 Bd7 21.Nf5 Qxe3+ 22.Nxe3 b4
23.Nb1 Be8 24.Nc4 Nxc4 25.Bxc4 Kf8 26.Bb3 Ke7 27.Rc7+ Rd7 28.Rdc1 Rxc7 29.Rxc7+ Kd8
30.Ra7 Nd7 31.Nd2 Nc5 32.Nc4 Nb7 33.Ba4 Bxa4 34.Rxa4 Nc5 35.Ra5 Kd7 36.e5 Nb7
37.Rb5 dxe5 38.Nxe5+ Kc7 39.Rxb4 f6 40.Nc4 Rd8 41.Rb5 Rd4 42.b3 Nd6 43.Nxd6 Kxd6
44.Rb6+ Kd5 45.a4 Rd2 46.a5 Ra2 47.b4 e5 48.a6 f5 49.Rb5+ Kd6 50.Ra5 Rxa5
51.bxa5 Kc7 52.Kf2 Kb8 53.Ke3 Ka7 54.Kd3 Kxa6 55.Kc4 Kxa5 56.Kd5 Kb5 57.Kxe5 Kc6
58.Ke6 g6 59.h4 Kc7 60.Kf6 Kd7 61.Kg7 Ke6 62.Kxh7 Kf6 63.f4  1-0

[Event "Women's"]
[Site "Saint Lo FRA"]
[Date "2003.07.12"]
[Round "4"]
[White "Marchadour,C"]
[Black "Tagnon,N"]
[Result "1-0"]
[WhiteElo "2095"]
[BlackElo "2071"]

1.e4 c5 2.Nf3 e6 3.d4 cxd4 4.Nxd4 a6 5.Bd3 Qc7 6.O-O Nf6 7.Qe2 d6 8.c4 b6
9.Nc3 Bb7 10.Nf3 Nbd7 11.h3 Be7 12.Bf4 Ne5 13.Rac1 Rc8 14.b3 Nfd7 15.Bb1 Bf6
16.Nxe5 Nxe5 17.Rfd1 O-O 18.Be3 Nd7 19.Qd3 Be5 20.f4 Nc5 21.Qd2 Bxc3 22.Qxc3 Nxe4
23.Bxe4 Bxe4 24.Qd4 Qb7 25.Qxb6 Qxb6 26.Bxb6 Rc6 27.c5 Bd5 28.a3 dxc5 29.Bxc5 Rfc8
30.b4 h6 31.Kf2 a5 32.Rd2 axb4 33.axb4 Ra6 34.Rb2 Ra2 35.Rxa2 Bxa2 36.b5 Rb8
37.b6 f6 38.Rc2 Bd5 39.Rb2 Kf7 40.Bd6 Rb7 41.Bc7 Ke7 42.Rd2 g6 43.g4 Kf7
44.Ke3 h5 45.g5 Ke7 46.Kd4 Bf3 47.h4 fxg5 48.fxg5 Bd5 49.Ke5 Bf3 50.Rd8 Bd5
51.Rh8 Kf7 52.Rh7+ Kg8 53.Rd7 Kf8 54.Kf6 Be4 55.Rd8+  1-0

[Event "Open"]
[Site "Montpellier FRA"]
[Date "2003.07.13"]
[Round "7"]
[White "Nezar,M"]
[Black "Pascal,P"]
[Result "1-0"]
[WhiteElo "2379"]
[BlackElo "2185"]

1.e4 c5 2.Nf3 e6 3.d4 cxd4 4.Nxd4 a6 5.Bd3 Bc5 6.Nb3 Ba7 7.O-O Nc6 8.Qg4 Nf6
9.Qg3 d6 10.Nc3 Ne5 11.Be3 Bxe3 12.Qxe3 O-O 13.Rfd1 Nfg4 14.Qg3 h5 15.Be2 f5
16.exf5 exf5 17.Qf4 g5 18.Qd4 f4 19.Bxg4 Bxg4 20.Qd5+ Kg7 21.f3 Qb6+ 22.Qd4 Qxd4+
23.Nxd4 Bd7 24.Ne4 g4 25.Nxd6 Nc6 26.Nxb7 Rab8 27.Nc5 Nxd4 28.Rxd4 Bf5 29.b4 Rfe8
30.Rxf4 Bxc2 31.Rf8 Kxf8 32.fxg4 hxg4 33.Kf2 a5 34.Rc1 Bf5 35.bxa5 Ra8 36.a6 Bc8
37.a4 Bxa6 38.Nxa6 Rxa6 39.Ra1  1-0

[Event "Open"]
[Site "Ikaros GRE"]
[Date "2003.07.14"]
[Round "3"]
[White "Sigalas,F"]
[Black "Hellsten,J"]
[Result "0-1"]
[WhiteElo "2182"]
[BlackElo "2511"]

1.e4 c5 2.Nf3 e6 3.d4 cxd4 4.Nxd4 a6 5.Bd3 Nf6 6.O-O Qc7 7.Qe2 d6 8.c4 Nbd7
9.Nc3 Ne5 10.Bd2 Bd7 11.Rac1 Be7 12.b3 Nxd3 13.Qxd3 O-O 14.Rfd1 Rac8 15.f3 Rfd8
16.Be3 Qb8 17.a4 Be8 18.Qb1 h6 19.Qa2 Bf8 20.Nde2 b6 21.Rb1 Qb7 22.a5 bxa5
23.Qxa5 Nd7 24.Na4 d5 25.Nb6 Rc5 26.Bxc5 Bxc5+ 27.Kh1  0-1

[Event "3rd Open"]
[Site "St Chely d'Aubrac FRA"]
[Date "2003.07.14"]
[Round "2"]
[White "Daurelle,H"]
[Black "Corke,A"]
[Result "1/2-1/2"]
[WhiteElo "2241"]
[BlackElo "2002"]

1.e4 c5 2.Nf3 e6 3.d4 cxd4 4.Nxd4 a6 5.Bd3 Bc5 6.Nb3 Ba7 7.Qe2 Nc6 8.Be3 Bxe3
9.Qxe3 Nf6 10.Nc3 Ne5 11.O-O-O b5 12.Qg3 Qc7 13.Bxb5 O-O 14.Bd3 Nh5 15.Qe3 Nf4
16.Kb1 Nexd3 17.cxd3 Nxg2 18.Qg3 Nf4 19.Rhg1 g6 20.Ne2 e5 21.Nxf4 exf4 22.Qg5 Bb7
23.Rg4 Rac8 24.Rd2 d5 25.Qxf4 dxe4 26.Qxc7 Rxc7 27.dxe4 h5  1/2-1/2

[Event "2nd Open"]
[Site "Condom FRA"]
[Date "2003.07.15"]
[Round "5"]
[White "Guliev,L"]
[Black "Gara,A"]
[Result "1-0"]
[WhiteElo "2369"]
[BlackElo "2352"]

1.e4 c5 2.Nf3 e6 3.d4 cxd4 4.Nxd4 a6 5.Bd3 Qb6 6.Nb3 Qc7 7.O-O Nf6 8.Qe2 d6
9.Nc3 Nbd7 10.f4 b6 11.Bd2 Be7 12.Rae1 e5 13.Nd5 Nxd5 14.exd5 O-O 15.Kh1 Re8
16.fxe5 Nxe5 17.Bxh7+ Kxh7 18.Qh5+ Kg8 19.Rxe5 g6 20.Qf3 Rf8 21.Ree1 Ra7
22.Nd4 Bb7 23.Bh6 Qc4 24.Rxe7 Bxd5 25.Qf6  1-0

[Event "Open"]
[Site "Ikaros GRE"]
[Date "2003.07.16"]
[Round "5"]
[White "Markidis,K"]
[Black "Hellsten,J"]
[Result "0-1"]
[WhiteElo "2358"]
[BlackElo "2511"]

1.e4 c5 2.Nf3 e6 3.d4 cxd4 4.Nxd4 a6 5.Bd3 Nf6 6.O-O Qc7 7.Qe2 d6 8.c4 g6
9.Nc3 Bg7 10.Rd1 O-O 11.Nf3 Nc6 12.h3 Nd7 13.Be3 b6 14.Rac1 Nc5 15.Bb1 Bb7
16.Qd2 Rad8 17.Bg5 f6 18.Be3 Ba8 19.Nd5 Qb8 20.b4 exd5 21.exd5 Nxb4 22.Qxb4 f5
23.Bd4 Qc7 24.Bxg7 Kxg7 25.Nd4 Kg8 26.Rc3 a5 27.Qa3 f4 28.h4 Bb7 29.h5 Qg7
30.hxg6 hxg6 31.Qc1 Bc8 32.Qd2 Rde8 33.Rcc1 Bg4 34.Re1 Qf6 35.f3 Bd7 36.Nb3 a4
37.Nd4 Kg7 38.Re2 Re5 39.Rce1 Rfe8 40.Nc6 Rxe2 41.Rxe2 Rxe2 42.Qxe2 a3 43.Qe1 Na4
44.Bc2 Nc5 45.Kh2 Kf8 46.Kg1 g5 47.Kh2 Be8 48.Qb4 Qh8+ 49.Kg1 Qb2 50.Bb3 g4
51.Qe1 Qf6 52.Bd1 g3 53.Qd2 Bg6 54.Qc1 Qh4  0-1

[Event "BCSA Open"]
[Site "Batumi GEO"]
[Date "2003.07.17"]
[Round "1"]
[White "Mamedov,Rau"]
[Black "Chokhonelidze,S"]
[Result "1-0"]
[WhiteElo "2409"]
[BlackElo "2067"]

1.e4 c5 2.Nf3 e6 3.d4 cxd4 4.Nxd4 a6 5.Bd3 Qc7 6.O-O Nf6 7.Be3 Be7 8.Nc3 d6
9.f4 Nbd7 10.Qf3 O-O 11.Rae1 b5 12.Qg3 Kh8 13.e5 dxe5 14.fxe5 Qxe5 15.Qh4 Bc5
16.Kh1 Qh5 17.Qxh5 Nxh5 18.Be4 Ra7 19.Nxe6 fxe6 20.Rxf8+ Nxf8 21.Bxc5 Rf7
22.Bf3 Nf6 23.a4 Bd7 24.axb5 axb5 25.Ra1 g5 26.h3 e5 27.Bd6 Ng6 28.Ra7 Kg7
29.Ne4 Nxe4 30.Bxe4 Kf6 31.Ra6 Be6 32.Rb6 Rd7 33.Kg1 Nf4 34.Kf2 Bd5 35.Bb8+ Kg7
36.Bxe5+ Kf7 37.Bf5 Be6 38.Bxe6+ Nxe6 39.Bc3 Rd5 40.Ke3 Rf5 41.g3 h5 42.Rb7+ Ke8
43.Ke4 Rf2 44.Kd5 Nd8 45.Rxb5 Rxc2 46.Bf6 Rd2+ 47.Ke4 Nf7 48.Bxg5 Rh2 49.Rb8+ Kd7
50.Rb7+ Ke8 51.Bf4 Rxh3 52.Kf5 Rh1 53.Kf6 Nd8 54.Re7+ Kf8 55.Bh6+ Kg8 56.Kg6  1-0

[Event "BCSA Open"]
[Site "Batumi GEO"]
[Date "2003.07.17"]
[Round "1"]
[White "Tevdorashvili,V"]
[Black "Khurtsidze,N"]
[Result "0-1"]
[WhiteElo "2118"]
[BlackElo "2440"]

1.e4 c5 2.Nf3 e6 3.d4 cxd4 4.Nxd4 a6 5.Bd3 Qb6 6.Nb3 Qc7 7.O-O Nf6 8.Qe2 d6
9.a4 b6 10.Nc3 Bb7 11.f4 Nbd7 12.Be3 Be7 13.Rae1 O-O 14.Bf2 e5 15.f5 d5 16.exd5 Nxd5
17.Nxd5 Bxd5 18.f6 Nxf6 19.Bxa6 Ne4 20.Be3 f5 21.Qb5 Nf6 22.Rd1 Rxa6 23.Qxa6 Qxc2
24.Nd2 f4 25.Bxb6 e4 26.Qe2 Nd7 27.Bd4 e3 28.Qg4 Nf6 29.Bxf6 Bxf6 30.Rxf4 exd2
31.Qe2 Qc5+ 32.Kh1 Bg5 33.Rxf8+ Qxf8 34.Rf1 Qxf1+  0-1

[Event "103rd ch-SUI w"]
[Site "Silvaplana SUI"]
[Date "2003.07.17"]
[Round "8"]
[White "Krivec,J"]
[Black "Roelli,C"]
[Result "1-0"]
[WhiteElo "2268"]
[BlackElo "2025"]

1.e4 c5 2.Nf3 e6 3.d4 cxd4 4.Nxd4 a6 5.Bd3 Nf6 6.O-O Qc7 7.c4 Nc6 8.Nxc6 dxc6
9.Be3 e5 10.h3 Bd6 11.c5 Be7 12.Nd2 Be6 13.Qc2 Nh5 14.Bc4 Bd7 15.Nf3 O-O
16.Rad1 Rad8 17.Qc3 Bf6 18.Rd6 Nf4 19.Nxe5 Nxh3+ 20.gxh3 Bxh3 21.Rfd1 Bg4
22.R1d2 Qe7 23.Bxf7+ Kh8 24.Rxd8 Rxd8 25.Rxd8+ Qxd8 26.Qd3 Qc8 27.Bf4 Bxe5
28.Bxe5 Qf8 29.Bb3 h5 30.Qd6  1-0

[Event "BCSA Open"]
[Site "Batumi GEO"]
[Date "2003.07.19"]
[Round "3"]
[White "Lobzhanidze,N"]
[Black "Babujian,L"]
[Result "0-1"]
[WhiteElo "2054"]
[BlackElo "2229"]

1.e4 c5 2.Nf3 e6 3.d4 cxd4 4.Nxd4 a6 5.Bd3 d6 6.O-O Nf6 7.Nc3 Nc6 8.Nxc6 bxc6
9.Be3 Be7 10.f4 O-O 11.e5 Nd5 12.Bxh7+ Kxh7 13.Qh5+ Kg8 14.Rf3 f5 15.Rh3 Nxe3
16.Qh7+ Kf7 17.Qh5+ g6 18.Qh7+ Ke8 19.Qxg6+ Kd7 20.Rxe3 d5 21.Rh3 Rg8 22.Qf7 Qe8
23.Qxe8+ Kxe8 24.Na4 Rb8 25.a3 c5 26.b3 Bd7 27.Nb2 Bc6 28.Rh7 a5 29.g3 c4
30.Kf2 cxb3 31.c3 Kd7 32.Nd3 Kd8 33.Ke3 b2 34.Rb1 Bxa3 35.Kd4 Bb5 36.Nxb2 Bd7
37.Ra1 Bxb2 38.Rxa5 Rc8  0-1

[Event "KB Czech Open"]
[Site "Pardubice CZE"]
[Date "2003.07.19"]
[Round "2"]
[White "Coenen,N"]
[Black "Babula,V"]
[Result "1/2-1/2"]
[WhiteElo "2402"]
[BlackElo "2550"]

1.e4 c5 2.Nf3 e6 3.d4 cxd4 4.Nxd4 a6 5.Bd3 b5 6.a4 bxa4 7.O-O Bb7 8.Rxa4 Nc6
9.Nb3 Nf6 10.Be3 Qc7 11.Be2 d5 12.exd5 Nxd5 13.Bc5 Be7 14.N1d2 O-O 15.Ne4 Rfd8
16.Qc1 Nb6 17.Ra3 Nd4 18.Nxd4 Bxc5 19.Nxc5 Qxc5 20.Bf3 Bxf3 21.Nxf3 Nd5 22.h3 Rac8
23.c3 Rd6 24.Qa1 Qb6 25.Rd1 h6 26.Ra4 Nc7 27.Rxd6 Qxd6 28.Rc4 Rb8 29.Rd4  1/2-1/2

[Event "TCh-Europe u18"]
[Site "Balatonlelle HUN"]
[Date "2003.07.20"]
[Round "2"]
[White "Laznicka,V"]
[Black "Papp,Ga"]
[Result "1/2-1/2"]
[WhiteElo "2446"]
[BlackElo "2376"]

1.e4 c5 2.Nf3 e6 3.d4 cxd4 4.Nxd4 a6 5.Bd3 Qb6 6.Nb3 Qc7 7.O-O d6 8.f4 Nd7
9.Nc3 b5 10.Qe2 Ngf6 11.Bd2 Bb7 12.Rae1 b4 13.Nd1 e5 14.Kh1 a5 15.c3 a4 16.Na1 bxc3
17.Nxc3 Be7 18.Rc1 Qb8 19.Nc2 O-O 20.Ne3 Nc5 21.Nf5 Bd8 22.Rf3 g6 23.fxe5 dxe5
24.Bh6 Re8 25.Ng7 Rf8 26.Nf5 Re8 27.Rd1 Nxd3 28.Qxd3 Ba6 29.Qd2 Re6 30.Ng3 Ba5
31.Qg5 Bd8 32.Qd2 Ba5 33.Qg5 Bd8 34.Qd2 Ba5  1/2-1/2

[Event "BCSA Open"]
[Site "Batumi GEO"]
[Date "2003.07.20"]
[Round "4"]
[White "Tevdorashvili,V"]
[Black "Simonian,H"]
[Result "1-0"]
[WhiteElo "2118"]
[BlackElo "2270"]

1.e4 c5 2.Nf3 e6 3.d4 cxd4 4.Nxd4 a6 5.Bd3 Bc5 6.Nb3 Be7 7.O-O d6 8.c4 Nf6
9.Nc3 Nbd7 10.f4 b6 11.Qe2 Bb7 12.Nd4 O-O 13.f5 e5 14.Nc2 Nc5 15.Qf3 b5 16.cxb5 axb5
17.Bg5 Nxd3 18.Qxd3 b4 19.Bxf6 Bxf6 20.Nd5 Ba6 21.Qb3 Bxf1 22.Rxf1 Bg5 23.Ncxb4 Qa5
24.Kh1 Qb5 25.Ra1 Qe2 26.Qc2 Qxc2 27.Nxc2 Ra4 28.b4 Ra7 29.b5 Rc8 30.Ncb4 Rb7
31.a4 Rc4 32.a5 Rxb5 33.a6 Be3 34.h3 Ba7 35.Nc6 Bc5 36.a7 Bxa7 37.Rxa7 h6
38.Ra8+ Kh7 39.Nd8 Rc1+ 40.Kh2 Rcb1 41.Nxf7 Rb8 42.Rxb8 Rxb8 43.Nxd6 Rb3
44.Nc4 Rb1 45.Nxe5 Re1 46.Nd7 Kg8 47.e5 Rd1 48.N7b6 Re1 49.e6 Re5 50.Ne7+ Kh7
51.Nd7 Re3 52.Nf8+ Kh8 53.Nfg6+ Kh7 54.Nd5 Re1 55.e7  1-0

[Event "KB Czech Open"]
[Site "Pardubice CZE"]
[Date "2003.07.20"]
[Round "3"]
[White "Medvegy,Z"]
[Black "Trygstad,K"]
[Result "1/2-1/2"]
[WhiteElo "2498"]
[BlackElo "2330"]

1.e4 c5 2.Nf3 e6 3.d4 cxd4 4.Nxd4 a6 5.Bd3 Nf6 6.O-O Qc7 7.Qe2 d6 8.c4 g6
9.Nc3 Bg7 10.Rd1 O-O 11.Nf3 Nc6 12.h3 Nd7 13.Bf4 Nce5 14.Nxe5 Nxe5 15.Rac1 f5
16.exf5 gxf5 17.b3 Ng6 18.Bg5 Bd7 19.Bb1 Rae8 20.Qd2 Be5 21.h4 Bc6 22.h5 Nh8
23.Nd5 Qf7 24.f4 Ba1 25.Bc2 exd5 26.Rxa1 Qxh5 27.Re1 dxc4 28.bxc4  1/2-1/2

[Event "TCh-Europe u18"]
[Site "Balatonlelle HUN"]
[Date "2003.07.21"]
[Round "3"]
[White "Bosiocic,Mari"]
[Black "Beudaert,X"]
[Result "1/2-1/2"]
[WhiteElo "2157"]
[BlackElo "2272"]

1.e4 c5 2.Nf3 e6 3.d4 cxd4 4.Nxd4 a6 5.Bd3 Qc7 6.c4 Nc6 7.Be3 Nf6 8.O-O Ne5
9.h3 b6 10.Nc3 Nxd3 11.Qxd3 Bb7 12.Nde2 Rc8 13.b3 Be7 14.f3 d6 15.Na4 Nd7
16.Bd4 O-O 17.Qe3 b5 18.cxb5 axb5 19.Nb6 Nxb6 20.Bxb6 Qd7 21.a4 bxa4 22.bxa4 Ba6
23.a5 Bf6 24.Rac1 Qa4 25.Rfd1 Rc2 26.Rxc2 Qxc2 27.Rd2 Qb1+ 28.Kh2 Rc8 29.f4 e5
30.Rxd6 exf4 31.Nxf4 Bg5 32.Rd5 h6 33.Rxg5 hxg5 34.Nd5 Kh8 35.Qxg5 Qxe4 36.Ne7 Rf8
37.Bc5 Bb7 38.Qh5+ Qh7 39.Ng6+ fxg6 40.Qxh7+ Kxh7 41.Bxf8 g5 42.Kg3 Kg6 43.Be7 Kf5
44.Bf8 Kg6 45.Kf2 Kf6 46.Bb4 Ke6 47.Bc3 Kf7 48.Bb2 Kg6 49.Ba1 Kf7 50.g3 Bc8
51.h4 gxh4 52.gxh4 g6 53.Ke3 Ke6 54.Kf4 Ba6  1/2-1/2

[Event "BCSA Open"]
[Site "Batumi GEO"]
[Date "2003.07.22"]
[Round "6"]
[White "Arutunian,D"]
[Black "Kuparadze,G"]
[Result "1-0"]
[WhiteElo "2425"]
[BlackElo "2305"]

1.e4 c5 2.Nf3 e6 3.d4 cxd4 4.Nxd4 a6 5.Bd3 Ne7 6.c4 Nec6 7.Nb3 d6 8.O-O Nd7
9.Nc3 Be7 10.Be3 O-O 11.f4 b6 12.Rc1 Bb7 13.Nd2 Bf6 14.Nf3 Nc5 15.Bb1 Rc8
16.Qe2 Qc7 17.Kh1 Qb8 18.Rfd1 Rfd8 19.Bf2 Ne7 20.Bg3 Ng6 21.f5 Ne5 22.Nxe5 Bxe5
23.Bxe5 dxe5 24.b4 Nd7 25.fxe6 fxe6 26.Na4 Bc6 27.b5 Bb7 28.Rxd7 Rxd7 29.Nxb6 Rd4
30.Nxc8 Qxc8 31.a4 Qc5 32.h3 h6 33.Kh2 Qa3 34.Rf1 Qxa4 35.Qh5 Bxe4 36.Qe8+ Kh7
37.Rf8  1-0

[Event "3rd Savaria Summer Open"]
[Site "Szombathely HUN"]
[Date "2003.07.22"]
[Round "4"]
[White "Csonka,A"]
[Black "Schneider,Ve"]
[Result "1-0"]
[WhiteElo "2327"]
[BlackElo "2094"]

1.e4 c5 2.Nf3 e6 3.d4 cxd4 4.Nxd4 a6 5.Bd3 Bc5 6.Nb3 Be7 7.Qg4 g6 8.Nc3 d6
9.Be3 Nf6 10.Qe2 Nbd7 11.a4 b6 12.O-O Bb7 13.f4 Qc7 14.Rae1 h5 15.Kh1 Nc5
16.Bd4 Nxb3 17.cxb3 e5 18.fxe5 dxe5 19.Bg1 h4 20.h3 Nh5 21.Bh2 Bb4 22.Bc4 Rh7
23.Qg4 Qe7 24.Rd1 Bxc3 25.bxc3 Bc6 26.Bxf7+ Rxf7 27.Qxg6 Nf6 28.Rde1 Rd8
29.Rf5 Bxe4 30.Rxe4 Rd1+ 31.Bg1 Nxe4 32.Qc6+ Qd7 33.Rxe5+ Re7 34.Rxe7+ Kxe7
35.Qxe4+ Kf8 36.Qxh4 Qd2 37.Qf6+ Kg8 38.Qxb6 Rxg1+ 39.Qxg1 Qxc3 40.Qb1 a5
41.Qg6+ Kf8 42.Qf5+ Ke7 43.Qf3 Qd2 44.Kh2 Qe1 45.Qg3 Qd2 46.h4 Kd7 47.h5 Kc6
48.Qe5  1-0

[Event "26th Asian Juniors"]
[Site "Negombo SRI"]
[Date "2003.07.23"]
[Round "7"]
[White "Prathamesh,S"]
[Black "Nguyen Ngoc Truongson"]
[Result "1-0"]
[WhiteElo "2358"]
[BlackElo "2435"]

1.e4 c5 2.Nf3 e6 3.d4 cxd4 4.Nxd4 a6 5.Bd3 Bc5 6.Nb3 Ba7 7.Nc3 Nc6 8.Qe2 Nge7
9.Be3 b5 10.O-O Nb4 11.Rad1 d5 12.exd5 Nbxd5 13.Nxd5 Nxd5 14.Be4 Bb7 15.Nc5 Bxc5
16.Bxc5 Qd7 17.c4 bxc4 18.Qxc4 f5 19.Bf3 Kf7 20.Bh5+ g6 21.Bf3 Rac8 22.b4 Rhe8
23.Rfe1 Kg8 24.Qe2 Qf7 25.Qe5 Qg7 26.Qg3 h6 27.Bd4 Qf7 28.Qe5 Kh7 29.Rc1 Rcd8
30.a3 Rd7 31.Bd1 Rc7 32.Ba4 Rxc1 33.Rxc1 Rd8 34.h4 h5 35.Bb3 g5 36.Bxd5 Rxd5
37.Rc7  1-0

[Event "3rd Savaria Summer Open"]
[Site "Szombathely HUN"]
[Date "2003.07.23"]
[Round "5"]
[White "Nagy,He"]
[Black "Okhotnik,V"]
[Result "1/2-1/2"]
[WhiteElo "2080"]
[BlackElo "2446"]

1.e4 c5 2.Nf3 e6 3.d4 cxd4 4.Nxd4 a6 5.Bd3 d5 6.O-O dxe4 7.Bxe4 Nf6 8.Bf3 Bd6
9.Nc3 O-O 10.g3 e5 11.Nb3 Nc6 12.Bg5 Be7 13.Qxd8 Rxd8 14.Bxf6 Bxf6 15.Nd5 Bf5
16.Nxf6+ gxf6 17.c3 e4 18.Bg2 Ne5 19.Nc5 Nf3+ 20.Bxf3 exf3 21.Nb3 Bd3 22.Rfd1 Bc2
23.Rxd8+ Rxd8 24.Nd4 Be4 25.Kf1 b5 26.a3 a5 27.Ke1 f5 28.Kd2 f4 29.gxf4 f6
30.Re1 f5 31.Ke3 Kf7 32.Rg1 h6 33.Kd2 b4 34.axb4 axb4 35.Rg3 b3 36.Kc1 Ra8
37.Nxb3 Bd5 38.Nd4 Ra1+ 39.Kd2 Rf1 40.Ke3 Re1+ 41.Kd2 Rf1 42.Ke3 Re1+ 43.Kd2 Rf1  1/2-1/2

[Event "TCh-Europe u18"]
[Site "Balatonlelle HUN"]
[Date "2003.07.24"]
[Round "5"]
[White "Gajewski,G"]
[Black "Papp,Ga"]
[Result "1-0"]
[WhiteElo "2456"]
[BlackElo "2376"]

1.e4 c5 2.Nf3 e6 3.d4 cxd4 4.Nxd4 a6 5.Bd3 Qb6 6.c3 Qc7 7.O-O Nf6 8.a4 d6
9.a5 Nbd7 10.Re1 Be7 11.c4 O-O 12.Nc3 Ne5 13.b3 Nfd7 14.Bf1 Nc6 15.Ba3 Nxa5
16.Nf5 exf5 17.Nd5 Qd8 18.Nxe7+ Qxe7 19.Bxd6 Qd8 20.Bxf8 Kxf8 21.Qd6+ Kg8
22.exf5 Nc6 23.Rad1 Qf8 24.g4 h6 25.Bg2 Qxd6 26.Rxd6 Nf6 27.Bxc6 bxc6 28.Rd8+ Kh7
29.h4 g5 30.Re7 Kg7 31.hxg5 hxg5 32.f4 gxf4 33.g5 Nh7 34.f6+ Kg6 35.Rg8+ Kf5
36.g6 fxg6 37.Rxh7 Kxf6 38.Rc7 Rb8 39.Rxc6+ Kf5 40.Rgxc8 Rxb3 41.Rf8+ Kg4
42.Rxg6+ Kf3 43.Rgf6 Kg3 44.Rxf4  1-0

[Event "26th Asian Juniors Girls"]
[Site "Negombo SRI"]
[Date "2003.07.24"]
[Round "8"]
[White "Kavitha,J"]
[Black "Sachdev,T"]
[Result "1-0"]
[WhiteElo "2066"]
[BlackElo "2206"]

1.e4 c5 2.Nf3 e6 3.d4 cxd4 4.Nxd4 a6 5.Bd3 Nf6 6.O-O Qc7 7.c4 Nc6 8.Nxc6 dxc6
9.Be3 e5 10.f3 Be6 11.c5 Be7 12.Nc3 O-O 13.Na4 Rad8 14.Qe2 Kh8 15.b4 Nd7
16.Bc4 Bxc4 17.Qxc4 h6 18.f4 Nf6 19.h3 exf4 20.Rxf4 Qe5 21.Raf1 Qe6 22.Qc2 Nd7
23.Rf5 Nf6 24.Bf4 Rd4 25.Re5 Qd7 26.Nb6 Qd8 27.a3 Nd7 28.Rxe7 Qxe7 29.Bd6 Qg5
30.Nxd7 Rd2 31.Qxd2 Qxd2 32.Nxf8 f6 33.e5 Qe3+ 34.Kh1 Qe2 35.Rf3 fxe5 36.Ng6+ Kh7
37.Nxe5 a5 38.bxa5 Qe1+ 39.Kh2 Qxa5 40.Rf7 Qxa3 41.Rxb7 Qa4 42.Nf3 Kg8 43.Be5 g5
44.Rg7+ Kf8 45.Rg6 Kf7 46.Rxh6 g4 47.hxg4 Qxg4 48.Rxc6  1-0

[Event "KB Czech Open"]
[Site "Pardubice CZE"]
[Date "2003.07.24"]
[Round "7"]
[White "Grigoriants,S RUS"]
[Black "Zetocha,C"]
[Result "1-0"]
[WhiteElo "2499"]
[BlackElo "2407"]

1.e4 c5 2.Nf3 e6 3.d4 cxd4 4.Nxd4 a6 5.Bd3 Nf6 6.O-O d6 7.c4 Be7 8.Nc3 O-O
9.b3 Bd7 10.Qe2 Nc6 11.Nxc6 Bxc6 12.Bb2 Qa5 13.a3 Rfd8 14.Rad1 Qh5 15.Qf3 Rab8
16.Kh1 Nd7 17.Nd5 Bf8 18.Nb4 a5 19.Nxc6 bxc6 20.Bc2 Nc5 21.Qe3 Rd7 22.e5 Nxb3
23.Bxb3 a4 24.Bxa4 Rxb2 25.Bxc6 Rd8 26.f4 Qh4 27.a4 dxe5 28.Rxd8 Qxd8 29.fxe5 Bb4
30.h3 Rd2 31.Qa7 f6 32.exf6 gxf6 33.Bf3 Rd4 34.Bd5 Rd2 35.Bxe6+ Kh8 36.Bd5 Bc3
37.Qe3  1-0

[Event "3rd Savaria Summer Open"]
[Site "Szombathely HUN"]
[Date "2003.07.24"]
[Round "6"]
[White "Pap,P"]
[Black "Suto,G"]
[Result "0-1"]
[WhiteElo "2161"]
[BlackElo "2313"]

1.e4 c5 2.Nf3 e6 3.d4 cxd4 4.Nxd4 a6 5.Bd3 Nc6 6.Nxc6 dxc6 7.O-O e5 8.Be3 Nf6
9.f3 Be6 10.Qe2 Bd6 11.Bc4 Qe7 12.Bxe6 Qxe6 13.Nd2 b5 14.Rfd1 O-O 15.Nb3 Rfd8
16.Rd2 Bb4 17.c3 Rxd2 18.Qxd2 Be7 19.Qc2 Rd8 20.a4 Nd7 21.axb5 cxb5 22.Rd1 Rc8
23.Qd2 Nf6 24.Nc1 h6 25.Ne2 Qb3 26.Nc1 Qc4 27.Qe2 Qe6 28.Nd3 a5 29.Ra1 a4
30.Qf2 a3 31.bxa3 Rxc3 32.Nb4 Qc4  0-1

[Event "3rd Open"]
[Site "Plancoet FRA"]
[Date "2003.07.26"]
[Round "1"]
[White "Guezennec,F"]
[Black "Bricard,E"]
[Result "0-1"]
[WhiteElo "2134"]
[BlackElo "2456"]

1.e4 c5 2.Nf3 e6 3.d4 cxd4 4.Nxd4 a6 5.Bd3 Bc5 6.Nb3 Ba7 7.Nc3 Nc6 8.Qe2 d6
9.Bf4 b5 10.O-O-O b4 11.Bb5 axb5 12.Nxb5 Ba6 13.Qc4 Nge7 14.Bxd6 O-O 15.Bxe7 Qxe7
16.Qxc6 Qg5+ 17.Kb1 Qxb5 18.Qxb5 Bxb5 19.Nd4 Bd7 20.Rd2 Rfd8 21.Rhd1 Bb6
22.Nb3 Bb5 23.Nd4 Be8 24.f3 Kf8 25.b3 Ke7 26.Kb2 g6 27.g3 h5 28.e5 g5 29.f4 Ra5
30.a4 bxa3+ 31.Ka2 g4 32.c3 Raa8 33.Rc1 Rac8 34.Rdc2 Bxd4 35.cxd4 Rxc2+ 36.Rxc2 Rxd4
37.Kxa3 h4 38.b4  0-1

[Event "3rd Savaria Summer Open"]
[Site "Szombathely HUN"]
[Date "2003.07.26"]
[Round "8"]
[White "Amrein,R"]
[Black "Papp,Ju"]
[Result "0-1"]
[WhiteElo "2287"]
[BlackElo "2111"]

1.e4 c5 2.Nf3 e6 3.d4 cxd4 4.Nxd4 a6 5.Bd3 Qb6 6.Nb3 Qc7 7.f4 d6 8.Nc3 Nf6
9.Qf3 b5 10.Be3 Bb7 11.O-O-O Be7 12.g4 Nc6 13.g5 Nd7 14.Qh3 g6 15.Rhf1 Nb4
16.f5 Nxd3+ 17.Rxd3 Ne5 18.Rdd1 b4 19.fxe6 bxc3 20.exf7+ Nxf7 21.Nd4 cxb2+
22.Kb1 Rc8 23.Rd2 Qc4 24.Ne6 Bxe4 25.Ng7+ Kf8 26.Ne6+ Kg8 27.Rff2 Bd5 28.Rxd5 Qxd5
29.Bd4 Rb8 30.Rf1 Ne5  0-1